000 00473nam a2200181Ia 4500
005 20250508153124.0
008 008 250505s9999 xx 000 0 eng d
037 _aTextual
040 _aFEDL
_beng
_cFEDL
041 _aeng
_2eng
084 _a070, FIS
_qFEDL
100 _aFisk Nicholas
_9763205
245 0 _aLook at newspapers
260 _aLondon, UK
_bHamish Hamilton
_c1962
300 _a95p
942 _cTEXL
_h070, FIS
999 _c1340808
_d1340808